000 01303cam a2200409 i 4500
001 39554
003 KOSZ 005
005 20240405063128.0
008 990611s2000 pl a f f |000 0 pol
015 _aPB 1999/8298
020 _a830112783X
040 _aWA N
_cWA N
_dKOSZ005/HR
041 0 _apol
080 _a336.1(438)
080 _a(075.8)
100 1 _aOwsiak, Stanisław
_d(1946- )
_eAutor
245 1 0 _aFinanse publiczne :
_bteoria i praktyka /
_cStanisław Owsiak.
250 _aWyd. 2 uaktual., dodr. 2.
260 _aWarszawa :
_bWydaw. Naukowe PWN,
_c2000.
300 _a560, [2] s. :
_bwykr. ;
_c24 cm.
336 _2rdacontent
_aTekst
_btxt
337 _2rdamedia
_aBez urządzenia pośredniczącego
_bn
338 _2rdacarrier
_aWolumin
_bnc
380 _aKsiążki
388 _a1901-2000
388 _a1989-2000
504 _aBibliogr. s. 529-533.
648 7 _a1901-2000
648 7 _a1989-2000
650 4 _aFinanse publiczne
651 7 _aPolska
655 4 _aPodręczniki akademickie
658 _aGospodarka, ekonomia, finanse
710 2 _aWydawnictwo Naukowe PWN
_4pbl.
856 _uhttp://koha.tu.koszalin.pl/cgi-bin/koha/opac-detail.pl?biblionumber=39554
_yKatalog online BPK
942 _2UKD
_cKS
999 _c39554
_d39554